| 000 | 00457pab a2200181 454500 | ||
|---|---|---|---|
| 008 | 180718b2014 xxu||||| |||| 00| 0 eng d | ||
| 100 | _aShafiq, Arfa | ||
| 245 | _aDeterminants of job satisfaction amongst industrial workers | ||
| 260 | _c2014 | ||
| 300 | _ap.313-326. | ||
| 362 | _aOct | ||
| 650 | _aWorkers | ||
| 650 | _aJob satisfaction | ||
| 700 | _aRamzan, Muhammad | ||
| 773 | _aIndian Journal of Economics | ||
| 908 | _aN | ||
| 909 | _a106926 | ||
| 999 |
_c106921 _d106921 |
||